Pays qui s'affrontent (2) - Statistiques

Statistiques générales
  • Ce quiz a été pris 89 fois
  • Le résultat moyen est 6 sur 11
Statistiques - réponses
Question Réponse % Correct
Le plus médaillé aux Olympiques depuis le début de ces jeux. Allemagne
92%
Le plus haut PIB (richesse par habitant). Allemagne
92%
Le plus loin de l'équateur. Allemagne
86%
Le plus densément peuplé. Viet Nam
79%
Le plus près de l'équateur. Kenya
77%
Qui a reçu le plus de prix Nobel. Allemagne
73%
Le moins trouvé au quiz «Pays du monde», sur Jet Punk. Kenya
69%
Le plus peuplé. Viet Nam
57%
Le moins peuplé. Espagne
54%
Le plus de côtes (la plus longue frontière avec l'eau). Espagne
53%
Le moins heureux. Kenya
50%
La plus petite superficie. Viet Nam
46%
La plus grande superficie. Kenya
44%
Le plus de points au Scrabble. Kenya
41%
Le plus heureux. Allemagne
40%
Qui a gagné le plus de batailles. Allemagne
40%
Le plus de couleurs sur son drapeau. Espagne
35%
La pire connexion internet. Viet Nam
17%
Sa capitale est la plus peuplé. Espagne
14%
Le plus d'espèces animales. Viet Nam
14%
Aucun quiz correspondant
Distribution des résultats
% des personnes avec chaque résultat
Percentile par nombre de réponses
Votre historique - résultats
Vous n’avez pas pris ce quiz